Normal view
MARC view
Entry Nombre personal
001 - NÚMERO DE CONTROL
- campo de control: 918
003 - IDENTIFICADOR DE NÚMERO DE CONTROL
- campo de control: DLC
005 - FECHA Y HORA DE LA ÚLTIMA TRANSACCIÓN
- campo de control: 20260318122534.0
008 - ELEMENTOS DE DATO DE LONGITUD-FIJA
- campo de control de longitud fija: 250626n| azannaabn |a aaa c
010 ## - NÚMERO DE CONTROL DE LA BIBLIOTECA DEL CONGRESO
- Número de control de LC: ns2025002435
035 ## - NÚMERO DE CONTROL DEL SISTEMA
- Número de control de sistema: (CaEvSKY)skya13582871
040 ## - FUENTE DE CATALOGACIÓN
- Centro catalogador/agencia de origen: MX-SlUA
- Lengua de catalogación: eng
- Normas de descripción: rda
- Centro/agencia transcriptor: MX-SlUA
100 1# - ENCABEZAMIENTO-NOMBRE DE PERSONA
- Nombre de persona: Grassano de Piccolo, Elsa
370 ## - LUGAR ASOCIADO
- Otro lugar asociado: Buenos Aires (Argentina)
- Fuente del término: naf
372 ## - CAMPO DE ACTIVIDAD
- Campo de actividad: Psychodiagnostics
- Fuente del término: lcsh
373 ## - GRUPO ASOCIADO
- Grupo asociado: Universidad Nacional de Rosario
- Grupo asociado: Universidad de Buenos Aires
- Fuente del término: naf
374 ## - OCUPACIÓN
- Ocupación: Psychologists
- Ocupación: College teachers
- Fuente del término: lcsh
377 ## - IDIOMA ASOCIADO
- Código del idioma: spa
400 1# - TRAZADO DE VÉASE--NOMBRE DE PERSONA
- Nombre de persona: De Piccolo, Elsa Grassano
400 1# - TRAZADO DE VÉASE--NOMBRE DE PERSONA
- Nombre de persona: Piccolo, Elsa Grassano de
670 ## - FUENTE DE DATOS ENCONTRADOS
- Cita de la fuente: Las técnicas proyectivas y el proceso psicodiagnóstico, 2001:
- Información encontrada: title page (Elsa Grassano de Piccolo) preface (The theme of this book began when I was a student and then a teacher of the Projective Techniques chair at the National University of Litoral (currently the National University of Rosario) and at the University of Buenos Aires)